| 000 | 00405nam a2200157Ia 4500 | ||
|---|---|---|---|
| 005 | 20240823064343.0 | ||
| 008 | 240823s9999||||xx |||||||||||||| ||und|| | ||
| 082 | _A624.1 P1 | ||
| 100 | _aRajasekaran S | ||
| 245 | 0 | _aComputational Structured Mechanics | |
| 260 |
_c2001 _b"PHI,New " _aNew Delhi |
||
| 500 | _aYES | ||
| 650 |
_aMechanics _bMechanical |
||
| 700 | _a Sankarasubramanian G | ||
| 942 | _cNB | ||
| 999 |
_c240508 _d240508 |
||